| 000 | 01680nam a2200409Ia 4500 | ||
|---|---|---|---|
| 001 | ebr10495202 | ||
| 003 | CaPaEBR | ||
| 006 | m u | ||
| 007 | cr cn||||||||| | ||
| 008 | 090908s2010 enk sb 001 0 eng d | ||
| 020 | _z9780826444295 | ||
| 020 | _z0826444296 | ||
| 020 | _z9780826446299 | ||
| 020 | _z0826446299 | ||
| 040 |
_aCaPaEBR _cCaPaEBR |
||
| 035 | _a(OCoLC)741690116 | ||
| 050 | 1 | 4 |
_aPR889 _b.B73 2010eb |
| 100 | 1 | _aBradley, Arthur. | |
| 245 | 1 | 4 |
_aThe new atheist novel _h[electronic resource] : _bfiction, philosophy and polemic after 9/11 / _cArthur Bradley and Andrew Tate. |
| 260 |
_aLondon : _bContinuum, _cc2010. |
||
| 300 | _aix, 136 p. | ||
| 490 | 1 | _aNew directions in religion and literature | |
| 504 | _aIncludes bibliographical references (p. 125-132) and index. | ||
| 533 |
_aElectronic reproduction. _bPalo Alto, Calif. : _cebrary, _d2013. _nAvailable via World Wide Web. _nAccess may be limited to ebrary affiliated libraries. |
||
| 600 | 1 | 0 |
_aMcEwan, Ian _xCriticism and interpretation. |
| 600 | 1 | 0 |
_aAmis, Martin _xCriticism and interpretation. |
| 600 | 1 | 0 |
_aRushdie, Salman _xCriticism and interpretation. |
| 600 | 1 | 0 |
_aPullman, Philip, _d1946- _xCriticism and interpretation. |
| 650 | 0 | _aReligion and literature. | |
| 650 | 0 | _aAtheism and literature. | |
| 650 | 0 |
_aEnglish fiction _y21st century _xHistory and criticism. |
|
| 655 | 7 |
_aElectronic books. _2local |
|
| 700 | 1 |
_aTate, Andrew, _d1971- |
|
| 710 | 2 | _aebrary, Inc. | |
| 830 | 0 | _aNew directions in religion and literature. | |
| 856 | 4 | 0 |
_uhttp://site.ebrary.com/lib/rucke/Doc?id=10495202 _zAn electronic book accessible through the World Wide Web; click to view |
| 999 |
_c130410 _d130410 |
||